[Event "Vojvodina-chT"]
[Site "Novi Sad"]
[Date "2017.11.19"]
[Round "9.3"]
[White "Mozetic, Dejan"]
[Black "Stamenkovic, Aleksandar"]
[Result "1/2-1/2"]
[WhiteElo "2394"]
[BlackElo "2181"]
[PlyCount "28"]
[EventDate "2017.11.13"]
[EventType "team-tourn"]
[EventRounds "11"]
[EventCountry "SRB"]
[SourceTitle "CBM 181 Extra"]
[Source "ChessBase"]
[SourceDate "2017.12.12"]
[SourceVersion "1"]
[SourceVersionDate "2017.12.12"]
[SourceQuality "1"]
[WhiteTeam "Krajisnik Krajina"]
[BlackTeam "Indija Sloga"]
[WhiteTeamCountry "SRB"]
[BlackTeamCountry "SRB"]

1. c4 e6 2. Nf3 d5 3. e3 Nf6 4. b3 c5 5. Bb2 Nc6 6. cxd5 exd5 7. Be2 d4 8. Bb5 Bd7 9. 0-0 Be7 10. Na3 0-0 11. Re1 Nb4 12. Bf1 d3 13. Ne5 Bf5 14. f3 Nd7 1/2-1/2

[Event "Vojvodina-chT"]
[Site "Novi Sad"]
[Date "2017.11.19"]
[Round "10.3"]
[White "Omorjan, Dejan"]
[Black "Mozetic, Dejan"]
[Result "0-1"]
[WhiteElo "2206"]
[BlackElo "2394"]
[PlyCount "108"]
[EventDate "2017.11.13"]
[EventType "team-tourn"]
[EventRounds "11"]
[EventCountry "SRB"]
[SourceTitle "CBM 181 Extra"]
[Source "ChessBase"]
[SourceDate "2017.12.12"]
[SourceVersion "1"]
[SourceVersionDate "2017.12.12"]
[SourceQuality "1"]
[WhiteTeam "Novi Sad Vojvodina"]
[BlackTeam "Krajisnik Krajina"]
[WhiteTeamCountry "SRB"]
[BlackTeamCountry "SRB"]

1. d4 d6 2. Nf3 g6 3. c4 Bg7 4. Nc3 c5 5. e3 Nc6 6. d5 Na5 7. Qc2 Nf6 8. Nd2 0-0 9. Be2 e5 10. 0-0 b6 11. a3 Ne8 12. b4 Nb7 13. Rb1 f5 14. Bb2 Bd7 15. Rfc1 g5 16. Nd1 g4 17. Bc3 Nc7 18. Qb2 Qe7 19. Bd3 Rf7 20. Qa2 Raf8 21. Nf1 Qg5 22. a4 cxb4 23. Bxb4 Na6 24. Be1 Nac5 25. Bc2 Qd8 26. Nc3 Be8 27. a5 Nxa5 28. Nb5 Rb7 29. Rb4 a6 30. Nc3 Qc7 31. Rcb1 e4 32. Ne2 b5 33. cxb5 axb5 34. Nd4 Bxd4 35. exd4 Nd3 36. Bxd3 exd3 37. Qd2 f4 38. Rc1 Qf7 39. Qxd3 Qxd5 40. Rc8 Bc6 41. Rxf8+ Kxf8 42. f3 gxf3 43. gxf3 Rg7+ 44. Kf2 Qg5 45. Bc3 Qg2+ 46. Ke1 Re7+ 47. Kd1 Qxf3+ 48. Qxf3 Bxf3+ 49. Kc1 Be2 50. Nd2 f3 51. d5 Nc4 52. Nxf3 Bxf3 53. Rxb5 Kf7 54. Rb4 Bxd5 0-1

[Event "Vojvodina-chT"]
[Site "Novi Sad"]
[Date "2017.11.15"]
[Round "4.2"]
[White "Mozetic, Dejan"]
[Black "Banovic, Ivan"]
[Result "1/2-1/2"]
[WhiteElo "2394"]
[BlackElo "2190"]
[PlyCount "83"]
[EventDate "2017.11.13"]
[EventType "team-tourn"]
[EventRounds "11"]
[EventCountry "SRB"]
[SourceTitle "CBM 181 Extra"]
[Source "ChessBase"]
[SourceDate "2017.12.12"]
[SourceVersion "1"]
[SourceVersionDate "2017.12.12"]
[SourceQuality "1"]
[WhiteTeam "Krajisnik Krajina"]
[BlackTeam "Petrovaradin Kraljica"]
[WhiteTeamCountry "SRB"]
[BlackTeamCountry "SRB"]

1. c4 g6 2. g3 Bg7 3. Bg2 d6 4. Nc3 Nf6 5. d3 0-0 6. Bg5 h6 7. Bd2 e5 8. e4 Nc6 9. Nge2 Nd7 10. 0-0 Nc5 11. Be3 Ne6 12. Qd2 Kh7 13. f4 exf4 14. gxf4 Ned4 15. f5 g5 16. Nxd4 Bxd4 17. Nd5 f6 18. Rac1 a5 19. Qf2 Bxe3 20. Qxe3 Ne7 21. d4 c6 22. Nc3 Qc7 23. Na4 c5 24. dxc5 dxc5 25. Qxc5 Qxc5+ 26. Nxc5 b6 27. e5 Rb8 28. exf6 Nxf5 29. Na6 Bxa6 30. Rxf5 Bb7 31. Rcf1 Bxg2 32. Kxg2 Rbc8 33. b3 Rf7 34. Kf3 Re8 35. Rf2 Kg6 36. Kg2 Re6 37. c5 bxc5 38. Rxc5 Ra6 39. a4 Rfxf6 40. Rxf6+ Kxf6 41. Rb5 Kg6 42. h4 1/2-1/2

[Event "SRB-chT"]
[Site "Kragujevac"]
[Date "2015.08.27"]
[Round "8.4"]
[White "Mozetic, Dejan"]
[Black "Nestorovic, Nikola"]
[Result "0-1"]
[WhiteElo "2403"]
[BlackElo "2449"]
[PlyCount "108"]
[EventDate "2015.08.20"]
[EventType "team-tourn"]
[EventRounds "11"]
[EventCountry "YUG"]
[SourceTitle "EXT 2016"]
[Source "ChessBase"]
[SourceDate "2015.10.08"]
[SourceVersion "1"]
[SourceVersionDate "2015.10.08"]
[SourceQuality "1"]
[WhiteTeam "Krajisnik Krajina"]
[BlackTeam "Kac Jugovic"]
[WhiteTeamCountry "SRB"]
[BlackTeamCountry "SRB"]

1. c4 e5 2. g3 Nc6 3. Nc3 Bc5 4. Bg2 d6 5. e3 a6 6. Nge2 Ba7 7. b3 h5 8. h4 Bg4 9. Bb2 Nge7 10. d3 Rb8 11. Qd2 b5 12. Nd5 bxc4 13. dxc4 Nxd5 14. cxd5 Ne7 15. Nc3 f6 16. Rc1 0-0 17. Ne4 Bb6 18. 0-0 a5 19. Kh2 Qe8 20. Rfe1 Qf7 21. Nc3 Bd7 22. Na4 Bxa4 23. bxa4 Kh8 24. Bc3 Ra8 25. f4 Nf5 26. e4 Nh6 27. Bh3 exf4 28. Qxf4 Rae8 29. Kg2 Re7 30. Qd2 Qe8 31. Bxa5 Rxe4 32. Bxb6 cxb6 33. Be6 Qxa4 34. Rxe4 Qxe4+ 35. Kh3 Ra8 36. Qc2 Qe3 37. Rb1 Ra3 38. Rb3 Rxb3 39. axb3 Qf3 40. Kh2 f5 41. Qg2 Qxb3 42. Qe2 Ng4+ 43. Kh3 f4 44. Qg2 f3 45. Qf1 Qc2 46. Bxg4 Qg2+ 47. Qxg2 hxg4+ 48. Kh2 fxg2 49. Kxg2 Kh7 50. Kf2 Kg6 51. Ke3 Kf5 52. Kd4 g6 53. Kd3 Ke5 54. Kc4 b5+ 0-1

[Event "SRB-chT"]
[Site "Kragujevac"]
[Date "2015.08.25"]
[Round "6.3"]
[White "Mozetic, Dejan"]
[Black "Cabarkapa, Novak"]
[Result "0-1"]
[WhiteElo "2403"]
[BlackElo "2377"]
[PlyCount "96"]
[EventDate "2015.08.20"]
[EventType "team-tourn"]
[EventRounds "11"]
[EventCountry "YUG"]
[SourceTitle "EXT 2016"]
[Source "ChessBase"]
[SourceDate "2015.10.08"]
[SourceVersion "1"]
[SourceVersionDate "2015.10.08"]
[SourceQuality "1"]
[WhiteTeam "Krajisnik Krajina"]
[BlackTeam "Subotica Spartak"]
[WhiteTeamCountry "SRB"]
[BlackTeamCountry "SRB"]

1. c4 Nf6 2. g3 g6 3. Bg2 d5 4. cxd5 Nxd5 5. Nc3 Nb6 6. d3 Bg7 7. Be3 Nc6 8. Qd2 Nd4 9. Nf3 e5 10. 0-0 Bg4 11. Ng5 c6 12. f4 0-0 13. fxe5 Bxe5 14. Nge4 Bf5 15. Kh1 Bxe4 16. Nxe4 Ne6 17. Rad1 f5 18. Ng5 Nxg5 19. Bxg5 Bf6 20. Bh6 Bg7 21. Bxg7 Kxg7 22. e4 fxe4 23. Qc3+ Kg8 24. Qb3+ Qd5 25. Qxd5+ Nxd5 26. Bxe4 Ne3 27. Rxf8+ Rxf8 28. Re1 Nc2 29. Rb1 Rf2 30. b4 Na3 31. Rc1 Rb2 32. Rf1 Rxa2 33. Bg2 Rb2 34. Bh3 Kg7 35. Be6 Rb1 36. Rxb1 Nxb1 37. Bc8 b6 38. Bd7 a5 39. bxa5 bxa5 40. Bxc6 Nc3 41. Kg2 a4 42. Bxa4 Nxa4 43. Kf3 Kf6 44. Ke4 Ke6 45. h4 Nc3+ 46. Kf4 h6 47. g4 Nd5+ 48. Ke4 g5 0-1

[Event "SRB-chT"]
[Site "Kragujevac"]
[Date "2015.08.22"]
[Round "3.6"]
[White "Popovic, Dusan"]
[Black "Mozetic, Dejan"]
[Result "1/2-1/2"]
[WhiteElo "2531"]
[BlackElo "2403"]
[PlyCount "83"]
[EventDate "2015.08.20"]
[EventType "team-tourn"]
[EventRounds "11"]
[EventCountry "YUG"]
[SourceTitle "EXT 2016"]
[Source "ChessBase"]
[SourceDate "2015.10.08"]
[SourceVersion "1"]
[SourceVersionDate "2015.10.08"]
[SourceQuality "1"]
[WhiteTeam "Novi Sad DDOR"]
[BlackTeam "Krajisnik Krajina"]
[WhiteTeamCountry "SRB"]
[BlackTeamCountry "SRB"]

1. e4 d6 2. d4 g6 3. Nc3 Bg7 4. Be3 a6 5. Qd2 b5 6. h4 Nf6 7. f3 h5 8. Nh3 Bxh3 9. gxh3 Nbd7 10. 0-0-0 c6 11. Kb1 Qc7 12. Qg2 Nb6 13. Bd3 Rg8 14. f4 0-0-0 15. Qf3 Kb8 16. f5 Rdf8 17. Ne2 Nfd7 18. Rhg1 e6 19. fxe6 fxe6 20. Qh1 Bh8 21. Nf4 Rxf4 22. Bxf4 Bxd4 23. Rg3 Na4 24. c3 Be5 25. Rf3 Nac5 26. Bc2 Bxf4 27. Rxf4 Ne5 28. Qg1 Qe7 29. Qd4 Kc7 30. Rdf1 Ra8 31. Rf6 Ncd7 32. R6f4 a5 33. Qg1 a4 34. a3 Qg7 35. Qg5 c5 36. R4f2 Rh8 37. Ka1 Ra8 38. Bb1 Qh8 39. Ba2 Re8 40. Rd1 c4 41. Qe3 Ra8 42. Rfd2 1/2-1/2

[Event "Vojvodina-chT"]
[Site "Sombor"]
[Date "2009.10.02"]
[Round "9"]
[White "Mozetic, Dejan"]
[Black "Pavlik, Goran"]
[Result "1-0"]
[WhiteElo "2421"]
[BlackElo "2202"]
[PlyCount "75"]
[EventDate "2009.09.27"]
[EventType "team-swiss"]
[EventRounds "11"]
[EventCountry "YUG"]
[SourceTitle "EXT 2012"]
[Source "ChessBase"]
[SourceDate "2011.11.24"]
[SourceVersion "1"]
[SourceVersionDate "2011.11.24"]
[SourceQuality "1"]

1. c4 e6 2. Nf3 d5 3. e3 Nf6 4. b3 Be7 5. Bb2 0-0 6. d4 b6 7. Bd3 Bb7 8. 0-0 Ne4 9. cxd5 exd5 10. Nc3 Nd7 11. Rc1 Ndf6 12. Ne2 c5 13. Ne5 Rc8 14. f3 Ng5 15. Ng3 g6 16. Qe2 Ne6 17. f4 Qd6 18. Rcd1 Qc7 19. a3 Rce8 20. Rc1 Qd6 21. Rcd1 Qc7 22. Qf2 Rc8 23. Kh1 Rce8 24. Ne2 cxd4 25. exd4 Qd6 26. Ng3 Rc8 27. Qe3 Ng7 28. f5 Rce8 29. Qh6 Ne4 30. Bxe4 dxe4 31. Nc4 Qd8 32. f6 Bxf6 33. Rxf6 Qxf6 34. d5 Qxb2 35. Nxb2 f5 36. Qf4 Rd8 37. d6 Rfe8 38. d7 1-0

[Event "SRB-chT"]
[Site "Subotica"]
[Date "2008.09.02"]
[Round "2"]
[White "Mozetic, Dejan"]
[Black "Lajthajm, Borko"]
[Result "1/2-1/2"]
[WhiteElo "2410"]
[BlackElo "2513"]
[PlyCount "23"]
[EventDate "2008.09.01"]
[EventType "team"]
[EventRounds "11"]
[EventCountry "YUG"]
[SourceTitle "CBM 126 Extra"]
[Source "ChessBase"]
[SourceDate "2008.11.05"]
[SourceVersion "1"]
[SourceVersionDate "2008.11.05"]
[SourceQuality "1"]

1. Nf3 g6 2. d4 Bg7 3. c4 d6 4. Nc3 Bg4 5. e3 c6 6. Be2 Nf6 7. 0-0 0-0 8. h3 Bf5 9. Nh4 Bd7 10. Nf3 Bf5 11. Nh4 Bd7 12. Nf3 1/2-1/2

[Event "SRB-chT Cup"]
[Site "Zlatibor"]
[Date "2008.06.19"]
[Round "4.4"]
[White "Asik, Josip"]
[Black "Mozetic, Dejan"]
[Result "1-0"]
[WhiteElo "2368"]
[BlackElo "2414"]
[PlyCount "76"]
[EventDate "2008.06.16"]
[EventType "team"]
[EventRounds "9"]
[EventCountry "YUG"]
[SourceTitle "CBM 125 Extra"]
[Source "ChessBase"]
[SourceDate "2008.09.01"]
[SourceVersion "1"]
[SourceVersionDate "2008.09.01"]
[SourceQuality "1"]

1. e4 g6 2. d4 d6 3. Bc4 Bg7 4. Nf3 e6 5. 0-0 Ne7 6. Re1 b6 7. c3 Bb7 8. Nbd2 0-0 9. Bb3 c5 10. dxc5 bxc5 11. Nc4 d5 12. exd5 Nxd5 13. Bg5 Qc7 14. Qd2 Nc6 15. Rad1 Nce7 16. Bxe7 Nxe7 17. Qd7 Rac8 18. Nfe5 Bd5 19. Qxc7 Rxc7 20. Nd3 g5 21. Re2 Ng6 22. Red2 g4 23. Ne1 Bh6 24. Ne3 Bxe3 25. fxe3 c4 26. Bc2 f5 27. Rd4 Rb7 28. Rb1 Ne7 29. e4 Nc6 30. exd5 Nxd4 31. cxd4 exd5 32. b3 f4 33. Kf2 Kg7 34. Rd1 Kf6 35. Rd2 Re8 36. Bd1 h5 37. bxc4 dxc4 38. Ba4 Rd8 1-0

[Event "Belgrade CupT final"]
[Site "Belgrade"]
[Date "2008.04.13"]
[Round "5"]
[White "Mozetic, Dejan"]
[Black "Mijailovic, Zoran"]
[Result "1/2-1/2"]
[WhiteElo "2414"]
[BlackElo "2397"]
[PlyCount "25"]
[EventDate "2008.04.09"]
[EventType "team-swiss"]
[EventRounds "5"]
[EventCountry "SRB"]
[SourceTitle "EXT 2023"]
[Source "ChessBase"]
[SourceDate "2022.10.05"]
[SourceVersion "1"]
[SourceVersionDate "2022.10.05"]
[SourceQuality "1"]

1. c4 c5 2. Nc3 g6 3. g3 Bg7 4. Bg2 Nc6 5. d3 Nf6 6. Qd2 0-0 7. Bxc6 dxc6 8. b3 e5 9. f3 Ne8 10. Bb2 Nc7 11. 0-0-0 Ne6 12. e3 Bd7 13. h4 1/2-1/2

[Event "Belgrade CupT final"]
[Site "Belgrade"]
[Date "2008.04.09"]
[Round "1"]
[White "Mozetic, Dejan"]
[Black "Nikolic, Milos"]
[Result "1-0"]
[WhiteElo "2414"]
[BlackElo "2297"]
[PlyCount "99"]
[EventDate "2008.04.09"]
[EventType "team-swiss"]
[EventRounds "5"]
[EventCountry "SRB"]
[SourceTitle "EXT 2023"]
[Source "ChessBase"]
[SourceDate "2022.10.05"]
[SourceVersion "1"]
[SourceVersionDate "2022.10.05"]
[SourceQuality "1"]

1. Nf3 Nf6 2. c4 c5 3. Nc3 Nc6 4. g3 g6 5. Bg2 Bg7 6. d4 cxd4 7. Nxd4 0-0 8. Nc2 d6 9. 0-0 Bd7 10. Bd2 Rc8 11. b3 a6 12. Rc1 Rb8 13. e4 b5 14. cxb5 axb5 15. Nd5 Ra8 16. Ndb4 Rc8 17. Qe2 Qb6 18. h3 Nxb4 19. Nxb4 Rxc1 20. Rxc1 Rc8 21. Rd1 Qa7 22. Kh2 Qd4 23. Be1 Qc5 24. f4 Be6 25. g4 h6 26. Nd3 Qc2 27. Rd2 Qc7 28. Bg3 Nh7 29. f5 Bd7 30. fxg6 fxg6 31. e5 Nf8 32. Nb4 Re8 33. Rc2 Qa7 34. Nc6 Qb6 35. exd6 exd6 36. Qd2 Qe3 37. Qxd6 Bc8 38. Bf4 Qe1 39. Bg3 Qe3 40. Qd2 Qb6 41. Qf2 Qxf2 42. Bxf2 Ne6 43. Bg3 Bf6 44. Bf1 Ng5 45. Bxb5 Bb7 46. Bc4+ Kg7 47. Bd5 Re3 48. Nb4 Bxd5 49. Nxd5 Be5 50. Nxe3 1-0

[Event "Serbia-chT"]
[Site "Zlatibor"]
[Date "2006.08.27"]
[Round "2"]
[White "Jovic, Aleksandar"]
[Black "Mozetic, Dejan"]
[Result "1-0"]
[WhiteElo "2394"]
[BlackElo "2424"]
[PlyCount "80"]
[EventDate "2006.08.26"]
[EventType "team"]
[EventRounds "9"]
[EventCountry "YUG"]
[SourceTitle "EXT 2007"]
[Source "ChessBase"]
[SourceDate "2006.11.23"]
[SourceVersion "1"]
[SourceVersionDate "2006.11.23"]
[SourceQuality "1"]

1. g3 g6 2. Bg2 Bg7 3. c4 d6 4. d4 Nf6 5. b3 0-0 6. Bb2 Nbd7 7. Nf3 e5 8. dxe5 Ng4 9. 0-0 dxe5 10. h3 Nh6 11. e4 f6 12. Qc2 c6 13. Rd1 Re8 14. c5 Qa5 15. Qc4+ Nf7 16. b4 Qc7 17. Nbd2 Nf8 18. Qc2 Be6 19. Bf1 Rad8 20. a4 Qc8 21. Kh2 g5 22. Nc4 Ng6 23. Ne3 g4 24. hxg4 Bxg4 25. Nxg4 Qxg4 26. Be2 Qc8 27. Bc4 Bh6 28. Qb3 Qc7 29. b5 Kg7 30. b6 Qe7 31. bxa7 Ng5 32. Nxg5 Bxg5 33. Rxd8 Rxd8 34. Rd1 Rxd1 35. Qxd1 Qxc5 36. Qd7+ Kh6 37. Bd4 Qa5 38. Bg8 Nf8 39. Qf7 exd4 40. Qxf8+ Kh5 1-0

[Event "Serbia-chT2"]
[Site "Belgrade"]
[Date "2003.10.04"]
[Round "8"]
[White "Milanovic, Danilo"]
[Black "Mozetic, Dejan"]
[Result "1-0"]
[WhiteElo "2451"]
[BlackElo "2448"]
[PlyCount "77"]
[EventDate "2003.09.27"]
[EventType "team"]
[EventRounds "9"]
[EventCountry "YUG"]
[SourceTitle "CBM 096 Extra"]
[Source "ChessBase"]
[SourceDate "2003.10.22"]
[SourceVersion "2"]
[SourceVersionDate "2003.10.20"]
[SourceQuality "1"]

1. d4 Nf6 2. c4 g6 3. Nc3 Bg7 4. e4 d6 5. Bg5 h6 6. Be3 Ng4 7. Bc1 e5 8. d5 f5 9. h3 Nf6 10. exf5 gxf5 11. g4 Na6 12. Nge2 f4 13. Bg2 0-0 14. Ne4 Nxe4 15. Bxe4 Nc5 16. Nc3 b5 17. cxb5 a6 18. b6 Bb7 19. Qf3 cxb6 20. 0-0 Nxe4 21. Qxe4 Rc8 22. Bd2 b5 23. Rad1 f3 24. g5 hxg5 25. Qg4 Rc4 26. Qg3 Qd7 27. Bxg5 Rf5 28. Rfe1 Kf7 29. Re4 Bf6 30. Rxc4 bxc4 31. Ne4 Bxg5 32. Nxg5+ Ke8 33. Ne4 Kd8 34. Kh2 Rf4 35. Ng5 Kc8 36. Ne6 Bxd5 37. Qg8+ Kb7 38. Rxd5 Ka7 39. Nxf4 1-0

[Event "Serbia-chT2"]
[Site "Belgrade"]
[Date "2003.10.03"]
[Round "7"]
[White "Mozetic, Dejan"]
[Black "Knezevic, Bojan"]
[Result "1/2-1/2"]
[WhiteElo "2448"]
[BlackElo "2403"]
[PlyCount "47"]
[EventDate "2003.09.27"]
[EventType "team"]
[EventRounds "9"]
[EventCountry "YUG"]
[SourceTitle "CBM 096 Extra"]
[Source "ChessBase"]
[SourceDate "2003.10.22"]
[SourceVersion "2"]
[SourceVersionDate "2003.10.20"]
[SourceQuality "1"]

1. d4 Nf6 2. Nf3 d5 3. c4 c6 4. Nc3 a6 5. e3 b5 6. b3 Bg4 7. Be2 e6 8. 0-0 Nbd7 9. Bb2 bxc4 10. bxc4 Rb8 11. Rb1 Bb4 12. Rc1 0-0 13. Ne5 Nxe5 14. dxe5 Bxe2 15. Nxe2 Nd7 16. cxd5 cxd5 17. Nf4 Qa5 18. Qg4 Bd2 19. Rc2 Rxb2 20. Rxb2 Nxe5 21. Qg3 Bc3 22. Rb7 Nc4 23. h4 Nd6 24. Rd7 1/2-1/2

[Event "Belgrade Jezero op 09th"]
[Site "Belgrade"]
[Date "2003.08.22"]
[Round "9"]
[White "Mozetic, Dejan"]
[Black "Damjanovic, Dragan"]
[Result "1/2-1/2"]
[WhiteElo "2448"]
[BlackElo "2276"]
[PlyCount "83"]
[EventDate "2003.08.14"]
[EventType "swiss"]
[EventRounds "9"]
[EventCountry "YUG"]
[SourceTitle "EXT 2004"]
[Source "ChessBase"]
[SourceDate "2003.11.25"]
[SourceVersion "1"]
[SourceVersionDate "2003.11.25"]
[SourceQuality "1"]

1. c4 c6 2. Nf3 d5 3. e3 Nf6 4. Nc3 g6 5. d4 Bg7 6. Be2 0-0 7. 0-0 dxc4 8. Bxc4 Bg4 9. h3 Bxf3 10. Qxf3 Nbd7 11. Rd1 e5 12. d5 e4 13. Nxe4 Nxe4 14. Qxe4 Nb6 15. Bb3 cxd5 16. Qf3 Qf6 17. Qxf6 Bxf6 18. Rb1 Rfd8 19. Bd2 Nc4 20. Bc3 Bxc3 21. bxc3 b5 22. a4 bxa4 23. Bxa4 Nb6 24. Bb5 Rdc8 25. Rb3 Rc7 26. Ra1 a5 27. Be2 Nd7 28. Bf3 Nf6 29. Rb5 Rxc3 30. Rbxa5 Rxa5 31. Rxa5 Rc1+ 32. Kh2 Rc2 33. Kg3 Rd2 34. Ra4 Rc2 35. Rd4 Rc4 36. Rd2 Rc5 37. Kf4 Kg7 38. g4 h6 39. h4 Ra5 40. g5 hxg5+ 41. hxg5 Ne4 42. Bxe4 1/2-1/2

[Event "Belgrade Jezero op 09th"]
[Site "Belgrade"]
[Date "2003.08.20"]
[Round "7"]
[White "Mozetic, Dejan"]
[Black "Pavlovic, Milos M"]
[Result "1/2-1/2"]
[WhiteElo "2448"]
[BlackElo "2442"]
[PlyCount "50"]
[EventDate "2003.08.14"]
[EventType "swiss"]
[EventRounds "9"]
[EventCountry "YUG"]
[SourceTitle "EXT 2004"]
[Source "ChessBase"]
[SourceDate "2003.11.25"]
[SourceVersion "1"]
[SourceVersionDate "2003.11.25"]
[SourceQuality "1"]

1. Nf3 c5 2. c4 Nf6 3. Nc3 d5 4. cxd5 Nxd5 5. d4 cxd4 6. Qxd4 Nxc3 7. Qxc3 Nc6 8. e4 e6 9. Bb5 Bd7 10. 0-0 Qb6 11. a4 Qc5 12. Qd3 Qd6 13. Qe2 Be7 14. Rd1 Qc7 15. a5 Rd8 16. Be3 0-0 17. Rdc1 Qb8 18. a6 Nb4 19. axb7 Bxb5 20. Qxb5 a6 21. Qe5 Bd6 22. Qh5 Qxb7 23. e5 Be7 24. Qg4 Kh8 25. Rc4 Rc8 1/2-1/2

[Event "Belgrade Jezero op 09th"]
[Site "Belgrade"]
[Date "2003.08.19"]
[Round "6"]
[White "Zmijanac, Dusko"]
[Black "Mozetic, Dejan"]
[Result "0-1"]
[WhiteElo "2258"]
[BlackElo "2448"]
[PlyCount "46"]
[EventDate "2003.08.14"]
[EventType "swiss"]
[EventRounds "9"]
[EventCountry "YUG"]
[SourceTitle "EXT 2004"]
[Source "ChessBase"]
[SourceDate "2003.11.25"]
[SourceVersion "1"]
[SourceVersionDate "2003.11.25"]
[SourceQuality "1"]

1. d4 Nf6 2. Nf3 g6 3. Bf4 Bg7 4. Nbd2 0-0 5. h3 c5 6. e3 d6 7. c3 Nc6 8. Bc4 cxd4 9. cxd4 Bf5 10. 0-0 Nb4 11. Qb3 Qb6 12. a3 Nd3 13. Bxd3 Qxb3 14. Nxb3 Bxd3 15. Rfc1 Rfc8 16. Na5 Nd5 17. Bg3 b6 18. Nc6 a5 19. a4 Bh6 20. Bh4 Kf8 21. Bg5 Bxg5 22. Nxg5 h6 23. e4 Nf4 0-1

[Event "Serbia-ch"]
[Site "Leskovac"]
[Date "2002.02.23"]
[Round "9"]
[White "Petkovic, Dragoslav"]
[Black "Mozetic, Dejan"]
[Result "1/2-1/2"]
[WhiteElo "2305"]
[BlackElo "2471"]
[PlyCount "42"]
[EventDate "2002.02.15"]
[EventType "swiss"]
[EventRounds "9"]
[EventCountry "YUG"]
[SourceTitle "CBM 086 Extra"]
[Source "ChessBase"]
[SourceDate "2002.03.14"]
[SourceVersion "1"]
[SourceVersionDate "2002.03.14"]
[SourceQuality "1"]

1. e4 c5 2. Nf3 Nc6 3. d3 g6 4. g3 Bg7 5. Bg2 e5 6. 0-0 Nge7 7. c3 0-0 8. Nbd2 d6 9. a3 h6 10. b4 Be6 11. Bb2 Qd7 12. Re1 Rad8 13. d4 exd4 14. cxd4 cxd4 15. Nb3 Ne5 16. Nbxd4 Bc4 17. Nd2 b5 18. Nxc4 Nxc4 19. Bc1 d5 20. e5 Nc6 21. f4 Rfe8 1/2-1/2

[Event "Belgrade TS04 GM"]
[Site "Belgrade"]
[Date "2001.04.29"]
[Round "9"]
[White "Mozetic, Dejan"]
[Black "Matulovic, Milan"]
[Result "1-0"]
[WhiteElo "2480"]
[BlackElo "2420"]
[PlyCount "123"]
[EventDate "2001.04.21"]
[EventType "tourn"]
[EventRounds "10"]
[EventCountry "YUG"]
[EventCategory "8"]
[SourceTitle "CBM 082 Extra"]
[Source "ChessBase"]
[SourceDate "2001.07.03"]
[SourceVersion "1"]
[SourceVersionDate "2001.07.03"]
[SourceQuality "1"]

1. c4 c6 2. d4 Nf6 3. Nc3 d5 4. e3 a6 5. Nf3 b5 6. b3 Bg4 7. Be2 e6 8. 0-0 Nbd7 9. Bb2 Bd6 10. Ne5 Bxe2 11. Nxe2 Qc7 12. cxd5 cxd5 13. Rc1 Qb8 14. Nc6 Qb7 15. Nf4 0-0 16. Ne5 Rfc8 17. f3 Rxc1 18. Qxc1 Rc8 19. Qd2 Qc7 20. Rc1 Qb7 21. Nfd3 Rxc1+ 22. Qxc1 Qc7 23. Qxc7 Bxc7 24. Nc6 Nb8 25. Nxb8 Bxb8 26. Nc5 a5 27. a3 Kf8 28. Bc3 Bc7 29. Nb7 a4 30. bxa4 bxa4 31. Bb4+ Ke8 32. Nc5 e5 33. dxe5 Bxe5 34. Nxa4 Kd7 35. g3 Kc6 36. Nc3 g5 37. Kg2 h5 38. a4 d4 39. exd4 Bxd4 40. h3 Nd7 41. Ne4 f6 42. h4 g4 43. fxg4 hxg4 44. Bc3 Kd5 45. Bxd4 Kxd4 46. Nf2 f5 47. h5 Kc5 48. h6 Nf8 49. Nd3+ Kb6 50. Kf2 Ka5 51. Nb2 Kb4 52. Ke3 Ng6 53. h7 Ka5 54. Nd3 Kxa4 55. Ne5 Nh8 56. Kf4 Kb5 57. Kxf5 Kc5 58. Kf6 Kd5 59. Nf7 Nxf7 60. Kxf7 Ke4 61. h8Q Kf3 62. Qh4 1-0

[Event "Belgrade TS04 GM"]
[Site "Belgrade"]
[Date "2001.04.27"]
[Round "7"]
[White "Mozetic, Dejan"]
[Black "Estrada Nieto, Julian"]
[Result "1/2-1/2"]
[WhiteElo "2480"]
[BlackElo "2371"]
[PlyCount "80"]
[EventDate "2001.04.21"]
[EventType "tourn"]
[EventRounds "10"]
[EventCountry "YUG"]
[EventCategory "8"]
[SourceTitle "CBM 082 Extra"]
[Source "ChessBase"]
[SourceDate "2001.07.03"]
[SourceVersion "1"]
[SourceVersionDate "2001.07.03"]
[SourceQuality "1"]

1. Nf3 d5 2. e3 Nf6 3. b3 Bg4 4. Bb2 Nbd7 5. h3 Bxf3 6. Qxf3 e5 7. g4 c6 8. g5 Ne4 9. h4 h6 10. d3 Nec5 11. Bh3 Bd6 12. Qg4 hxg5 13. hxg5 g6 14. Nd2 Rh5 15. Nf3 Ne6 16. 0-0-0 Qa5 17. Qg3 Ke7 18. Bxe6 Rxh1 19. Rxh1 Kxe6 20. Kb1 Qc7 21. c4 Ke7 22. c5 Nxc5 23. Nxe5 Rg8 24. Rh7 Bxe5 25. Bxe5 Qa5 26. Bf6+ Kd7 27. Qg4+ Kc7 28. Be5+ Kb6 29. Qd1 Nd7 30. Bb2 Rf8 31. Qc1 Qb5 32. Qc2 Ka6 33. Bg7 Re8 34. a4 Qc5 35. Qxc5 Nxc5 36. Kc2 Ne6 37. Bf6 Rf8 38. Be7 Re8 39. Rxf7 Rh8 40. Bb4 Nxg5 1/2-1/2

[Event "Belgrade TS04 GM"]
[Site "Belgrade"]
[Date "2001.04.24"]
[Round "4"]
[White "Nestorovic, Dejan"]
[Black "Mozetic, Dejan"]
[Result "1-0"]
[WhiteElo "2433"]
[BlackElo "2480"]
[PlyCount "67"]
[EventDate "2001.04.21"]
[EventType "tourn"]
[EventRounds "10"]
[EventCountry "YUG"]
[EventCategory "8"]
[SourceTitle "CBM 082 Extra"]
[Source "ChessBase"]
[SourceDate "2001.07.03"]
[SourceVersion "1"]
[SourceVersionDate "2001.07.03"]
[SourceQuality "1"]

1. d4 Nf6 2. c4 g6 3. Nc3 Bg7 4. e4 d6 5. h3 0-0 6. Bg5 Na6 7. Bd3 e5 8. Nf3 exd4 9. Nxd4 h6 10. Be3 Nc5 11. Bc2 Re8 12. f3 Nfd7 13. Qd2 Ne5 14. b3 Qh4+ 15. Bf2 Qg5 16. Qxg5 hxg5 17. 0-0-0 c6 18. Nde2 Bf8 19. h4 gxh4 20. Bxh4 Ned7 21. b4 Ne6 22. f4 a5 23. b5 g5 24. fxg5 Ne5 25. Ng3 Nf4 26. Rdf1 Neg6 27. e5 Rxe5 28. Nge4 Be7 29. Bg3 Rxe4 30. Nxe4 Ne2+ 31. Kb1 Nxg3 32. Nxg3 Be6 33. Bxg6 fxg6 34. Re1 1-0